LIBRARY & INFORMATION CENTRE, KCAET, TAVANUR

ONLINE PUBLIC ACCESS CATALOGUE (OPAC)

Communication principles and practice / (Record no. 1810)

MARC details
000 -LEADER
fixed length control field 00503cam a2200193ua 4500
041 ## - LANGUAGE CODE
Language code of text/sound track or separate title eng
082 ## - DEWEY DECIMAL CLASSIFICATION NUMBER
Classification number 302.2
Item number KEG/CO
100 ## - MAIN ENTRY--AUTHOR NAME
Personal name Kegel , Charles.H .
245 ## - TITLE STATEMENT
Title Communication principles and practice /
250 ## - EDITION STATEMENT
Edition statement 1 /
260 ## - PUBLICATION, DISTRIBUTION, ETC. (IMPRINT)
Place of publication Sanfrancisco :
Name of publisher Wadswath publishing co. ,
Year of publication 1959.
300 ## - PHYSICAL DESCRIPTION
Number of Pages 494 ; .
700 1# - ADDED ENTRY--PERSONAL NAME
Personal name Stevens, Martin .
942 ## - ADDED ENTRY ELEMENTS (KOHA)
Koha item type Books
Holdings
Withdrawn status Lost status Damaged status Home library Current library Date acquired Full call number Accession Number Koha item type
Withdrawn     KAUAET KAUAET 07/04/2012 302.2 747 A Books
Withdrawn     KAUAET KAUAET 23/10/2019 302.2 KEG/CO 747 B Books
free website counter